| 000 | 00572nam a2200241 a 4500 | ||
|---|---|---|---|
| 001 | nice12345678 | ||
| 003 | IN_TiNIC | ||
| 005 | 20260116011327.0 | ||
| 008 | 050524s1965 leia grp 000 0 eng | ||
| 020 |
_a _c35 |
||
| 082 | 0 | 0 |
_a780.956 _bFAR |
| 100 | _aFarmer, Henry George | ||
| 245 | _aSources of Arabian Music | ||
| 260 |
_aLeiden _bE. J. Brill _c1965 |
||
| 300 | _a68p | ||
| 500 | _aincludes index and biblioraphy | ||
| 505 | 2 | _aIndex, Ill. | |
| 650 | _aMusic-Arab | ||
| 700 | 1 | _aFarmer, Henry George | |
| 902 | _bSRS | ||
| 942 | _cBK | ||
| 999 |
_c547 _d547 |
||